MARC Record
Leader
003
BE-GnUNI
007
't'u
035
a| (MSK)314000510
245
0
0
a| Il Progresso :
b| Italo-Brasiliano.
500
a| Tijdschriften
852
4
b| MSK
c| MSK
j| II.BRA.2
920
a| tijdschrift
001
000044684
005
20241224121705.0